Introduction to crystal growth and characterization (Record no. 1213731)

MARC details
000 -LEADER
fixed length control field 01007nam a2200301Ia 4500
003 - CONTROL NUMBER IDENTIFIER
control field OSt
005 - DATE AND TIME OF LATEST TRANSACTION
control field 20221007124547.0
008 - FIXED-LENGTH DATA ELEMENTS--GENERAL INFORMATION
fixed length control field 221006b |||||||| |||| 00| 0 eng d
020 ## - INTERNATIONAL STANDARD BOOK NUMBER
International Standard Book Number 9783527330096 (pbk)
037 ## - SOURCE OF ACQUISITION
Terms of availability Textual
040 ## - CATALOGING SOURCE
Original cataloging agency CDL
Transcribing agency CDL
Language of cataloging eng
041 ## - LANGUAGE CODE
Source of code eng
Language code of text/sound track or separate title eng
100 ## - MAIN ENTRY--PERSONAL NAME
Personal name Benz Klaus-Werner
9 (RLIN) 719608
245 #0 - TITLE STATEMENT
Title Introduction to crystal growth and characterization
Remainder of title Neumann Wolfgang
260 ## - PUBLICATION, DISTRIBUTION, ETC.
Place of publication, distribution, etc. Germany
Name of publisher, distributor, etc. Wiley-VCH
Date of publication, distribution, etc. 2014
300 ## - PHYSICAL DESCRIPTION
Extent xiv, 424p. ill
Dimensions cm.
500 ## - GENERAL NOTE
General note Index 415-424p.
650 ## - SUBJECT ADDED ENTRY--TOPICAL TERM
Topical term or geographic name entry element Characterization of cryctals
9 (RLIN) 719609
650 ## - SUBJECT ADDED ENTRY--TOPICAL TERM
Topical term or geographic name entry element Crystalline materials
9 (RLIN) 719610
650 ## - SUBJECT ADDED ENTRY--TOPICAL TERM
Topical term or geographic name entry element Growth techniques
9 (RLIN) 719611
700 ## - ADDED ENTRY--PERSONAL NAME
Personal name Neumann Wolfgang
9 (RLIN) 719612
942 ## - ADDED ENTRY ELEMENTS (KOHA)
Classification part E:831, Q4;1 Carc
Koha item type Textual
Source of classification or shelving scheme Colon Classification (CC)
Holdings
Withdrawn status Lost status Source of classification or shelving scheme Damaged status Not for loan Home library Current library Date acquired Source of acquisition Total Checkouts Full call number Barcode Date last seen Price effective from Koha item type
    Colon Classification (CC)     Department of Chemistry Library Department of Chemistry Library 2022-10-07 285, 06/02/2015, Vardhman Books   E:831 Q4;1 Carc CD0008690 2022-10-07 2022-10-07 Textual
Copyright @ Delhi University Library System